A Textbook of Communicative English: (Record no. 1645)
[ view plain ]
| 000 -LEADER | |
|---|---|
| Fixed length control field | 00574nam a2200193Ia 4500 |
| 003 - CONTROL NUMBER IDENTIFIER | |
| Control field | IIN |
| 005 - DATE AND TIME OF LATEST TRANSACTION | |
| Control field | 20240205114923.0 |
| 008 - FIXED-LENGTH DATA ELEMENTS--GENERAL INFORMATION | |
| Fixed length control field | 231217s9999 xx 000 0 und d |
| 020 ## - INTERNATIONAL STANDARD BOOK NUMBER / ISBN | |
| Price | Rs.250.00 |
| International Standard Book Number | 9789354518584 |
| 040 ## - CATALOGING SOURCE | |
| Original cataloging agency | IIN |
| Language of cataloging | English |
| 082 ## - DEWEY DECIMAL CLASSIFICATION NUMBER | |
| Classification number | 428.0077 |
| Book Number | NAI |
| 100 1# - MAIN ENTRY--PERSONAL NAME | |
| Personal name | Naidu, Vijaylakshmi |
| 245 #2 - TITLE STATEMENT | |
| Title | A Textbook of Communicative English: |
| Sub title | for B.Sc Nursing / |
| Statement of responsibility | Vijaylakshmi Naidu & Perpetua R. Farnandes |
| 260 ## - IMPRINT | |
| Name of publisher | Nirali Prakashan |
| Place of publication | Pune |
| Date of publication | 2023 |
| 300 ## - PHYSICAL DESCRIPTION | |
| Page / Vol. No | 7.20p. |
| 650 1# - SUBJECT ADDED ENTRY--TOPICAL TERM | |
| Topical term | English |
| Form subdivision | Communicative |
| 700 1# - ADDED ENTRY--PERSONAL NAME | |
| Personal name | Farnandes, Perpetua R. |
| 942 ## - ADDED ENTRY ELEMENTS (KOHA) | |
| Koha item type | Books |
| Withdrawn status | Lost status | Source of classification | Damaged status | Not for loan | Collection code | Home library | Current library | Date acquired | Price | Total Checkouts | Call number | Accession number | Date last seen | Price effective from | Koha item type | Shelving location |
|---|---|---|---|---|---|---|---|---|---|---|---|---|---|---|---|---|
| Dewey Decimal Classification | IDEAL INSTITUTE OF NURSING | IDEAL INSTITUTE OF NURSING | 17/12/2023 | 250.00 | 428.0077 NAI | D19 | 17/12/2023 | 17/12/2023 | Books | |||||||
| Dewey Decimal Classification | Purches Book | IDEAL INSTITUTE OF NURSING | IDEAL INSTITUTE OF NURSING | 11/03/2025 | 250.00 | 428.0077 NAI | 1868 | 08/04/2025 | 08/04/2025 | Books | General Stacks |
